000 00831nam a22002417a 4500
999 _c6461
_d6461
003 OSt
005 20260205122928.0
008 180320b xxu||||| |||| 00| 0 spa d
020 _a9789874798619
040 _cPJ
245 1 0 _aVulnerabilidad digital :
_bdesafíos y amenazas de la sociedad hiperconectada /
_cWalter F. Carnota, Lucas De Venezia, dirección.
260 _aBuenos Aires :
_bHammurabi,
_c2024.
300 _a407 p.
_c23 cm.
500 _aObra colectiva.
505 _aBibliografía: p. 391-407.
650 0 _9273
_aDERECHO INFORMATICO
650 0 _96081
_aCIENCIA Y TECNOLOGÍA
650 0 _94023
_aNUEVAS TECNOLOGIAS DE INFORMACION
650 0 _9281
_aINTERNET
700 _91228
_aCarnota, Walter F.
_edirector
700 _96457
_aDe Venezia, Lucas
_edirector
942 _2udc
_cLIB
_h342.4(829.0)
_iCON